|
|
|
|
| LEADER |
00000nam a2200000Ii 4500 |
| 001 |
DIGTRO00143 |
| 003 |
NyNyDIG |
| 008 |
220221s2020 sp a o 000 0 spa d |
| 006 |
m o d |
| 007 |
cr ||||||||||| |
| 035 |
|
|
|a (OCoLC)1281986540
|
| 040 |
|
|
|a DGITA
|b eng
|e rda
|e pn
|c DGITA
|
| 020 |
|
|
|a 9788498799798
|q eBook
|q ePub
|
| 020 |
|
|
|z 9788498799729
|
| 050 |
1 |
4 |
|a JC328.3 ebook
|
| 082 |
0 |
4 |
|a 303.484
|
| 100 |
1 |
|
|a Pau Pedrón, Antonio,
|e author.
|
| 245 |
1 |
0 |
|a Herejes /
|c Antonio Pau.
|
| 264 |
|
1 |
|a Madrid :
|b Editorial Trotta,
|c [2020]
|
| 300 |
|
|
|a 1 online resource :
|b illustrations.
|
| 336 |
|
|
|a text
|b txt
|2 rdacontent
|
| 337 |
|
|
|a computer
|b c
|2 rdamedia
|
| 338 |
|
|
|a online resource
|b cr
|2 rdacarrier
|
| 347 |
|
|
|a text file
|2 rdaft
|
| 347 |
|
|
|a EPUB
|
| 490 |
1 |
|
|a La dicha de enmudecer
|
| 588 |
0 |
|
|a Online resource; title from ePub title page (Digitalia, viewed February 22, 2022)
|
| 650 |
|
0 |
|a Dissenters.
|
| 650 |
|
0 |
|a Thought and thinking
|x Philosophy.
|
| 655 |
|
0 |
|a Electronic books.
|
| 791 |
2 |
|
|a Digitalia (Firm),
|e distributor.
|
| 793 |
0 |
|
|g Digitalia eBook Collection:
|a Trotta Editorial
|
| 776 |
0 |
8 |
|i Print version:
|a Pau Pedrón, Antonio.
|t Herejes.
|d Madrid : Editorial Trotta, [2020]
|z 9788498799729
|
| 830 |
|
0 |
|a Dicha de enmudecer.
|
| 856 |
4 |
0 |
|3 Digitalia Hispánica
|u https://www.digitaliapublishing.com/a/67464/
|
| 910 |
|
|
|a Premium collection: 2022
|